000 00830nam a2200217Ia 4500
003 GCL
008 140319s9999 xx 000 0 ara d
020 _a4447269960
040 _aGCL /
_cGCL
082 0 4 _a025.43
_bف ر
100 1 _aفؤاد حمد رزق فرسونى
245 1 0 _aرقم الوعاء :
_bدراسة نظرية وميدانية لانماط استخدامه فى مكتبات مدينة الرياض بالمملكة العربية السعودية /
_cفؤاد حمد رزق فرسونى
250 _aالاولى
260 _aالرياض :
_bمركز الملك فيصل ،
_c2000
300 _a61 ص ؛
_c24 ص
490 _aصندوق الدنيا
_v0
650 0 4 _aتصنيف الكتب
650 0 4 _aالببليوجرافيا
650 0 4 _aالمكتبات - فهارس
942 _2ddc
_cBK
999 _c57438
_d57438